| 000 | 00756nam a2200193 a 4500 | ||
|---|---|---|---|
| 001 | 000041947 | ||
| 005 | 20201002035839.0 | ||
| 008 | 131023s2004 sp 000 0 spa d | ||
| 020 | _a8400073770 | ||
| 040 |
_aDO-SdBNP _bspa _cBNPHU |
||
| 100 | 1 |
_aOrtíz Picón, Juan Manuel _968864 |
|
| 245 | 1 | 4 |
_aUna Vida y su entorno (1903-1978) : _bmemorias de un médico con vocación de biólogo / _cJosé Manuel Ortíz Picon. |
| 260 |
_aGranada : _bConsejo Superior de Investigaciones Científicas,. |
||
| 300 |
_a403 : _bil. ; _c21 cm. |
||
| 490 | 1 |
_aMonografías _v4 |
|
| 500 | _aIncluye referencias bibliográficas y notas al pie de las páginas | ||
| 710 | 2 |
_aConsejo Superior de Investigaciones Científicas (España) _915178 |
|
| 830 | 0 |
_aMonografías _v4 _915334 |
|
| 999 |
_c41436 _d41436 |
||